Normal view MARC view
  • Bruns, Catharina

Entry Corporate Name

Number of records used in: 1

001 - CONTROL NUMBER

  • control field: 122895

003 - CONTROL NUMBER IDENTIFIER

  • control field: NUST

005 - DATE AND TIME OF LATEST TRANSACTION

  • control field: 20240523115033.0

008 - FIXED-LENGTH DATA ELEMENTS

  • fixed length control field: 240523|| aca||aabn | a|a d

040 ## - CATALOGING SOURCE

  • Original cataloging agency: NUST
  • Transcribing agency: NUST

110 ## - HEADING--CORPORATE NAME

  • Corporate name or jurisdiction name as entry element: Bruns, Catharina

670 ## - SOURCE DATA FOUND

  • Source citation: Work cat.: (NUST): Pester, Sophie 122894, Supercraft, 2016.
© 2023 Central Library, National University of Sciences and Technology. All Rights Reserved.